000 00365nam a2200145Ia 4500
008 231217s9999 xx 000 0 und d
041 _aEnglish
082 _a793.73 HOV;1 R
100 _aHovanec, Helene
245 0 _aAround the world in 80 puzzles
260 _c2000
_bOrient
_aNew Delhi
300 _a120
650 _aAround,world,80,puzzles
942 _cAA
999 _c174842
_d174842